| 000 | 00666nam a2200217 a 4500 | ||
|---|---|---|---|
| 005 | 20241012063833.0 | ||
| 008 | 991125s1988 es 000 0 spa u | ||
| 020 | _a8477740089 | ||
| 035 | _aUPN01000033566 | ||
| 049 | _aCG | ||
| 050 | 4 |
_aLB1137 _bN5.48 |
|
| 100 | 1 | _aNikitin, B. | |
| 245 | 1 | 0 |
_aJuegos inteligentes : _bla construcción temprana de la mente a través del juego / _cB. Nikitin ; pról. Pablo del Río ; tr. Manuel Gisbert. |
| 260 |
_aMadrid : _bVisor, _c1988. |
||
| 300 |
_a164 p. : _bil. col. |
||
| 440 | 0 |
_aAprendizaje ; _v38 |
|
| 650 | 4 |
_aJuegos educativos _93952 |
|
| 650 | 4 |
_aJuegos infantiles _96445 |
|
| 905 | _aLibro | ||
| 999 |
_c33566 _d33566 |
||